000 00312nam a22001457a 4500
008 230207b ||||| |||| 00| 0 eng d
020 _a978128547117
041 _aeng
080 _a51
082 _a51LAR
100 _a20
101 _aMATEM
245 _aMATHEMATICAL PRACTICES
_cLARSON R
942 _2udc
_cBK
999 _c59318
_d59318